Normal view
MARC view
Entry Corporate Name
001 - CONTROL NUMBER
- control field: 25955
003 - CONTROL NUMBER IDENTIFIER
- control field: ARRUPE
005 - DATE AND TIME OF LATEST TRANSACTION
- control field: 20160920113455.0
008 - FIXED-LENGTH DATA ELEMENTS
- fixed length control field: 160920|| aca||aabn | a|a d
040 ## - CATALOGING SOURCE
- Original cataloging agency: ARRUPE
- Transcribing agency: ARRUPE
110 ## - HEADING--CORPORATE NAME
- Corporate name or jurisdiction name as entry element: Southern Rhodesia.
- Subordinate unit: Army.
- Subordinate unit: Rhodesian African Rifles. Baltalias, 2nd. Company A
670 ## - SOURCE DATA FOUND
- Source citation: Work cat.: (ARRUPE)0: Dennison, André. 25953, The war diaries of André Dennison /, 1989.